|
|
|
|
| LEADER |
00855nam a2200205 i 4500 |
| 001 |
c000032458 |
| 003 |
CARM |
| 005 |
00000000000000.0 |
| 008 |
841113s1977 be eng d |
| 019 |
1 |
|
|a 9708689
|5 LACONCORD2021
|
| 035 |
|
|
|a (OCoLC)221945736
|5 LACONCORD2021
|
| 100 |
1 |
|
|a Danckaert, Ludwig,
|d 1912-.
|
| 245 |
1 |
0 |
|a Belgica in orbe :
|b les belges et le nonde /
|c Catalogue par L. Dankaert avec la collaboration de A. Andre-Felix [et al.].
|
| 260 |
|
|
|a Bruxelles :
|b Credit communal de Belgique,
|c 1977.
|
| 300 |
|
|
|a 102 p. :
|b ill.
|
| 650 |
|
0 |
|a Art, Belgian
|x Exhibitions.
|
| 650 |
|
0 |
|a Voyages and travels in art.
|
| 852 |
8 |
|
|b CARM
|h A2:AB11E0
|i D00437
|p 0035292
|f BK
|
| 999 |
f |
f |
|i c6d13a05-555b-58b0-90f1-14b0f000305e
|s 98d41823-5d4b-553b-a591-0b57b48b6016
|
| 952 |
f |
f |
|p Can circulate
|a CAVAL
|b CAVAL
|c CAVAL
|d CARM 1 Store
|e D00437
|f A2:AB11E0
|h Other scheme
|i book
|m 0035292
|